|
|
|
|
| LEADER |
00000nam0a2200000 4500 |
| 001 |
47823 |
| 005 |
20231031030541.0 |
| 010 |
|
|
|a 5060042243
|
| 035 |
|
|
|a (RuTPU)RU\TPU\book\50009
|
| 090 |
|
|
|a 47823
|
| 100 |
|
|
|a 20030226d2003 m y0rusy50 ca
|
| 101 |
0 |
|
|a rus
|
| 102 |
|
|
|a RU
|
| 105 |
|
|
|a y j 000zy
|
| 200 |
1 |
|
|a Философия
|e учебник
|f В. Ф. Титов, И. Н. Смирнов
|
| 210 |
|
|
|a Москва
|c Высшая школа
|d 2003
|
| 215 |
|
|
|a 318 с.
|
| 225 |
1 |
|
|a Учебник для вузов
|
| 610 |
1 |
|
|a философия
|
| 610 |
1 |
|
|a теория
|
| 610 |
1 |
|
|a история
|
| 610 |
1 |
|
|a религия
|
| 610 |
1 |
|
|a бытие
|
| 610 |
1 |
|
|a познание
|
| 610 |
1 |
|
|a природа
|
| 610 |
1 |
|
|a жизнь
|
| 610 |
1 |
|
|a сознание
|
| 610 |
1 |
|
|a наука
|
| 610 |
1 |
|
|a человек
|
| 610 |
1 |
|
|a этнические общности
|
| 610 |
1 |
|
|a социальная структура
|
| 610 |
1 |
|
|a идеология
|
| 610 |
1 |
|
|a политика
|
| 610 |
1 |
|
|a русская философия
|
| 610 |
1 |
|
|a 18 век
|
| 610 |
1 |
|
|a 19 век
|
| 610 |
1 |
|
|a 20 век
|
| 610 |
1 |
|
|a философские школы
|
| 610 |
1 |
|
|a учебники
|
| 686 |
|
|
|a Ю0/3я73
|v LBC/SL-A
|2 rubbk
|
| 700 |
|
1 |
|a Титов
|b В. Ф.
|g Владимир Федорович
|
| 701 |
|
1 |
|a Смирнов
|b И. Н.
|g Игорь Николаевич
|
| 801 |
|
1 |
|a RU
|b 63413507
|c 20030226
|g PSBO
|
| 801 |
|
2 |
|a RU
|b 63413507
|c 20131004
|g PSBO
|
| 900 |
|
|
|a Философия
|
| 942 |
|
|
|c BK
|
| 952 |
|
|
|a 520400
|b 020100
|